Central Library OPAC University of Rajshahi

Egypt / (Record no. 65117)

MARC details
000 -LEADER
fixed length control field 01070nam a2200277 a 4500
001 - CONTROL NUMBER
control field 65117
003 - CONTROL NUMBER IDENTIFIER
rucl marc code BD-RJUL
005 - DATE AND TIME OF LATEST TRANSACTION
control field 20211209081404.0
008 - FIXED-LENGTH DATA ELEMENTS--GENERAL INFORMATION
fixed length control field 170227s1948 eg a b 000 0 eng d
035 ## - SYSTEM CONTROL NUMBER
System control number (BD-RJUL) 65247
040 ## - CATALOGING SOURCE
Original cataloging agency DLC
Transcribing agency DLC
Language of cataloging eng
Modifying agency BD-RJUL
041 ## - LANGUAGE CODE
Language code of text/sound track or separate title eng
082 ## - DEWEY DECIMAL CLASSIFICATION NUMBER
Classification number 962
Edition number 23
Author mark and year EGY 1948
245 00 - TITLE STATEMENT
Title Egypt /
Statement of responsibility, etc. Egypt State Tourism Department.
260 ## - PUBLICATION, DISTRIBUTION, ETC. (IMPRINT)
Place of publication, distribution, etc. Egypt :
Date of publication, distribution, etc. [1947?]
300 ## - PHYSICAL DESCRIPTION
Pagination 116 p. :
Illustrations ill. ;
Size 22 cm
500 ## - GENERAL NOTE
General note "The Royal Institute of International Affairs."
General note Bibliography: p. 115-116
505 0# - FORMATTED CONTENTS NOTE
Formatted contents note Introduction / Lillian Craig Harris -- Social aspects / Mourad M. Wahba -- The economy / Ali Abdallah and Michael Brown -- Domestic politics / Nazih N. Ayubi -- External relations / Michael Weir -- Conclusions / Lillian Craig Harris.
650 ## - SUBJECT ADDED ENTRY--TOPICAL TERM
Topical term or geographic name as entry element Egypt Sudan
9 (RLIN) 192890
651 #0 - SUBJECT ADDED ENTRY--GEOGRAPHIC NAME
Geographic name Egypt
General subdivision Economic policy
9 (RLIN) 175266
Geographic name Egypt
General subdivision Politics and government
Chronological subdivision 1981-
9 (RLIN) 192891
Geographic name Egypt
General subdivision Social conditions
Chronological subdivision 1952-1970
9 (RLIN) 192892
700 ## - ADDED ENTRY--PERSONAL NAME
Personal name Egypt State Tourism Department.
942 ## - ADDED ENTRY ELEMENTS (KOHA)
Source of classification or shelving scheme Dewey Decimal Classification
Koha item type Books
Holdings
Lost status Source of classification or shelving scheme Damaged status Not for loan Collection code Permanent Location Current Location Shelving location Date acquired Total Checkouts Full call number Date last seen Copy number Koha item type
  Dewey Decimal Classification   Not For Loan Non-fiction Central Library, University of Rajshahi Central Library, University of Rajshahi Reading Room 19/08/1965   962 EGY 1948 27/02/2017 C-1 Books